Poder mental : La clave para el éxito y la felicidad / Leandro Prieto Rodríguez (Registro nro. 32285)
[ vista simple ]
| 000 -LÍDER | |
|---|---|
| Campo fijo de descripción fija | 012730000a22002050004500 |
| 041 0# - CÓDIGO DE IDIOMA | |
| Código de idioma para texto/pista de sonido o título separado | |
| 082 04 - NÚMERO DE CLASIFICACIÓN DECIMAL DEWEY | |
| Número de clasificación | G 158 P9497p |
| 001 - NÚMERO DE CONTROL | |
| Campo de control | 867 |
| 100 1# - ASIENTO PRINCIPAL--NOMBRE PERSONAL | |
| Nombre personal | Prieto Rodríguez, Leandro |
| 245 10 - TÍTULO | |
| Título del Material | Poder mental : La clave para el éxito y la felicidad / Leandro Prieto Rodríguez |
| 250 ## - MENCIÓN DE EDICIÓN | |
| Mención de edición | 2 |
| 260 ## - PUBLICACIÓN, DISTRIBUCIÓN, ETC. (PIE DE IMPRENTA) | |
| Lugar de publicación, distribución, etc. | Bogotá, Colombia : Margabby |
| 300 ## - DESCRIPCIÓN FÍSICA | |
| Extensión | 144 Pag. |
| 336 ## - CONTENT TYPE | |
| Content type term | texto |
| Content type code | txt |
| Source | rdacontent |
| 337 ## - MEDIA TYPE | |
| Source | rdamedia |
| Media type term | sin mediación |
| Media type code | n |
| 338 ## - CARRIER TYPE | |
| Source | rdacarrier |
| Carrier type term | volumen |
| Carrier type code | nc |
| 505 00 - NOTA DE CONTENIDO | |
| Nota de contenido con formato preestablecido | qué puede hacer este libro por ti -- poder mental -- el cuarto especial -- qué es programar y condiciones de la programación -- la imaginación como arma decisiva -- cómo resolver un problema por medio de la técnica del televisor -- los miedos. cómo eliminarlos -- programación de niños -- programación de adultos -- cómo hallar solución a un problema -- cómo programar un sueño -- piramidología. historia y aplicaciones -- precognición -retrocognición -- técnica de protección -- telepatía -- la facultad de sanar por el poder mental -- cómo utilizar tus manos para eliminar un dolor en el cuerpo o cortar una hemorragia -- problemática de las Auras -- cromoterapia -- técnicas prácticas de salud |
| 650 14 - ASIENTO SECUNDARIO DE MATERIA - TERMINO TEMÁTICO | |
| Término temático o nombre geográfico como elemento de entrada | EXITO \ PSICOLOGIA APLICADA |
| 942 ## - TIPO DE MATERIAL (KOHA) | |
| Tipo de Item KOHA | Libros General |
| Estado de Material | Estado de Perdido | Estado de Dañado | No para Préstamo | Colección | Tomo | Biblioteca de Origen | Biblioteca Permanente | Fecha de Adquisición | Total de Préstamos | Signatura Topográfica | Código de Barras | Última vez visto | Ejemplar/Existencia | Fecha de Remplazo | Tipo de Material |
|---|---|---|---|---|---|---|---|---|---|---|---|---|---|---|---|
| Colección General | Biblioteca FUSBC | Biblioteca FUSBC | 27/09/2004 | G 158 P9497p | 464 | 12/12/2019 | 1 | 26/01/2016 | Libros General |
